[Event "Geraardsbergen op"]
[Site "Geraardsbergen"]
[Date "2003.08.16"]
[Round "6"]
[White "Van Oirschot, Kees"]
[Black "Peeren, Yen"]
[Result "1/2-1/2"]
[WhiteElo "1858"]
[BlackElo "2103"]
[PlyCount "36"]
[EventDate "2003.08.??"]
[EventType "swiss"]
[EventRounds "7"]
[EventCountry "BEL"]
[SourceTitle "EXT 2005"]
[Source "ChessBase"]
[SourceDate "2004.11.15"]
[SourceVersion "1"]
[SourceVersionDate "2004.11.15"]
[SourceQuality "1"]

1. d4 d6 2. c4 e5 3. Nc3 exd4 4. Qxd4 Nc6 5. Qd2 a5 6. b3 a4 7. Nxa4 Nf6 8. Nc3 Bf5 9. f3 Be7 10. e4 Bg6 11. Bd3 0-0 12. Nge2 Nd7 13. 0-0 Nc5 14. Bb2 Nb4 15. Bc2 Bf6 16. a3 Nc6 17. b4 Nd7 18. Bb3 Be7 1/2-1/2

[Event "Geraardsbergen op"]
[Site "Geraardsbergen"]
[Date "2003.08.15"]
[Round "4"]
[White "Van Oirschot, Kees"]
[Black "Van Gils, Martin"]
[Result "1/2-1/2"]
[WhiteElo "1858"]
[BlackElo "2055"]
[PlyCount "63"]
[EventDate "2003.08.??"]
[EventType "swiss"]
[EventRounds "7"]
[EventCountry "BEL"]
[SourceTitle "EXT 2005"]
[Source "ChessBase"]
[SourceDate "2004.11.15"]
[SourceVersion "1"]
[SourceVersionDate "2004.11.15"]
[SourceQuality "1"]

1. d4 c5 2. d5 Nf6 3. c4 Ne4 4. Qc2 Qa5+ 5. Nd2 Nd6 6. b3 Na6 7. Bb2 b5 8. e4 bxc4 9. bxc4 Rb8 10. Bc3 Nb4 11. Qc1 Qa4 12. Bxb4 Rxb4 13. e5 Nf5 14. Ngf3 h5 15. Bd3 g6 16. 0-0 Bg7 17. a3 Rb6 18. Bc2 Qa6 19. Rb1 d6 20. exd6 exd6 21. Re1+ Kf8 22. Rxb6 Qxb6 23. Ba4 Bf6 24. Re8+ Kg7 25. Rxh8 Kxh8 26. Qe1 Qd8 27. Ne4 Kg7 28. Nxf6 Qxf6 29. Qc1 Nd4 30. Nxd4 Qxd4 31. Bb5 Bf5 32. h3 1/2-1/2